000 00555cam a22002051 4500
001 sa 68004018
003 DLC
005 20260227112458.0
008 711020s1941 ii c 000 0aeng
010 _asa 68004018
040 _aDLC
_cDLC
_dDLC
050 0 0 _aCT1508.K45
_bA3
100 1 _aKhandwala, T. C.
245 1 0 _aMy life story: autobiography of T. C. Khandwala.
260 _a[Bombay,
_bV. S. Sohoni,
_c1941]
300 _ax, 308 p.
_bports.
_c19 cm.
600 1 0 _aKhandwala, T. C.
600 1 0 _aKhandwala, T. C.
651 0 _aIndia
_xBiography.
999 _c79925
_d79925